[Event "Muensterland op"]
[Site "Senden"]
[Date "2010.10.17"]
[Round "3.7"]
[White "Hassenrück, Helmut"]
[Black "Swinkels, Maurice"]
[Result "0-1"]
[WhiteElo "2184"]
[BlackElo "2060"]
[PlyCount "106"]
[EventDate "2010.??.??"]

1. d4 Nf6 2. Nf3 e6 3. c4 b6 4. g3 Bb7 5. Bg2 Be7 6. O-O O-O 7. d5 exd5 8. Nh4
c6 9. cxd5 Nxd5 10. Nf5 Nc7 11. e4 d5 12. Re1 Re8 13. Qg4 Bf6 14. Nc3 Bc8 15.
Bf4 Nba6 16. Rad1 Kh8 17. Qf3 Bxf5 18. exf5 Rxe1+ 19. Rxe1 Qd7 20. g4 Re8 21.
Rd1 Be5 22. Bh3 Bxf4 23. Qxf4 Qe7 24. g5 Qe5 25. Qh4 f6 26. g6 h6 27. Qg4 c5
28. Bf1 Nb4 29. a3 Nc6 30. Nb5 d4 31. Qf3 Nd5 32. Bc4 Nce7 33. Kf1 Rd8 34. Re1
Qb8 35. Bxd5 Nxd5 36. Nxa7 Qa8 37. Kg1 d3 38. Nb5 Qa5 39. Nc3 Nxc3 40. bxc3
Qxc3 41. Re7 Qd4 42. Qc6 Rg8 43. Re8 Qc4 44. Rxg8+ Qxg8 45. Qxb6 c4 46. Kf1 Qc8
47. Qe6 Qd8 48. Ke1 c3 49. Qe4 Qc8 50. Qe6 Qb8 51. f4 Qa8 52. Kf2 c2 53. Qc4
Qd8 0-1

[Event "Muensterland op"]
[Site "Senden"]
[Date "2010.10.17"]
[Round "3.8"]
[White "van Ackeren, Franz"]
[Black "Malaniuk, Vladimir P"]
[Result "0-1"]
[WhiteElo "2107"]
[BlackElo "2527"]
[PlyCount "68"]
[EventDate "2010.??.??"]

1. Nf3 d6 2. d4 Nf6 3. g3 Nbd7 4. Nc3 e5 5. e4 c6 6. Bg2 b5 7. a3 Bb7 8. O-O g6
9. h3 Bg7 10. Be3 O-O 11. dxe5 dxe5 12. Qd3 Qe7 13. Rad1 Rfe8 14. Nh2 a5 15.
Rfe1 Bf8 16. Ng4 Nxg4 17. hxg4 Nc5 18. Qd2 Red8 19. Qc1 Rxd1 20. Rxd1 b4 21.
Nb1 Ba6 22. axb4 axb4 23. Qd2 Ne6 24. c3 b3 25. Bf1 Qb7 26. c4 Bb4 27. Nc3 Rd8
28. Qc1 Nd4 29. Kg2 Qc8 30. f3 Qe6 31. Ne2 c5 32. Ng1 Rd6 33. Bd3 Qd7 34. Nh3
Nxf3 0-1

[Event "Muensterland op"]
[Site "Senden"]
[Date "2010.10.17"]
[Round "3.9"]
[White "Danin, Alexandre"]
[Black "Krüger, Norbert"]
[Result "1-0"]
[WhiteElo "2527"]
[BlackElo "2107"]
[PlyCount "56"]
[EventDate "2010.??.??"]

1. e4 c5 2. Nf3 e6 3. d4 cxd4 4. Nxd4 a6 5. Nc3 Qc7 6. Be2 Nc6 7. O-O Nf6 8.
Be3 Bb4 9. Na4 O-O 10. Nxc6 bxc6 11. Nb6 Rb8 12. Nxc8 Rfxc8 13. Bxa6 Rf8 14.
Bd3 Bd6 15. f4 e5 16. f5 Rxb2 17. g4 Qa5 18. g5 Bc5 19. gxf6 Bxe3+ 20. Kh1 gxf6
21. Rg1+ Kh8 22. Qg4 Bg5 23. h4 Bh6 24. Rg2 Rbb8 25. Qh5 Be3 26. Rag1 Qc5 27.
Rg3 d5 28. c3 Qxc3 1-0

[Event "Muensterland op"]
[Site "Senden"]
[Date "2010.10.17"]
[Round "3.10"]
[White "Karpatchev, Aleksandr"]
[Black "Peterwitz, Klaus"]
[Result "1-0"]
[WhiteElo "2472"]
[BlackElo "2092"]
[PlyCount "61"]
[EventDate "2010.??.??"]

1. e4 c5 2. c3 d5 3. exd5 Qxd5 4. d4 Nc6 5. Nf3 cxd4 6. cxd4 Bg4 7. Nc3 Bxf3 8.
gxf3 Qxd4 9. Qxd4 Nxd4 10. Nb5 O-O-O 11. Nxd4 Rxd4 12. Be3 Rd7 13. Bxa7 e6 14.
Bb5 Bb4+ 15. Ke2 Rd6 16. Rac1+ Kd8 17. Rc4 Ba5 18. b4 Rd5 19. a4 Bc7 20. Rhc1
Bxh2 21. Rc8+ Ke7 22. Re8+ Kf6 23. Rcc8 Bd6 24. Rxg8 Rxg8 25. Rxg8 Bxb4 26. Rb8
Bd6 27. Rxb7 h5 28. Be8 Be7 29. Bc6 Rd6 30. Be4 Bd8 31. f4 1-0

[Event "Muensterland op"]
[Site "Senden"]
[Date "2010.10.18"]
[Round "4.1"]
[White "Kuznetsov, Mark"]
[Black "Hausrath, Daniel"]
[Result "0-1"]
[WhiteElo "2123"]
[BlackElo "2537"]
[PlyCount "78"]
[EventDate "2010.??.??"]

1. d4 Nf6 2. Nf3 g6 3. g3 Bg7 4. Bg2 O-O 5. O-O c6 6. c4 d6 7. b4 d5 8. Bb2
dxc4 9. Ne5 Be6 10. Qc2 Nd5 11. a3 b5 12. e4 Nb6 13. Rd1 Na4 14. Bc1 a5 15.
bxa5 Qxa5 16. Bd2 Qc7 17. Bf4 Qc8 18. Nd2 Rd8 19. Ndf3 f6 20. Nxc6 Nxc6 21. d5
Bf7 22. dxc6 Rxd1+ 23. Rxd1 e5 24. Be3 Qxc6 25. h4 Bf8 26. Bc1 Qb6 27. Nh2 Be6
28. Bf3 Rd8 29. Ng4 Be7 30. Ne3 Rxd1+ 31. Qxd1 Qd4 32. Qc2 Qa1 33. Kg2 Bxa3 34.
Bxa3 Qxa3 35. Nd5 Bxd5 36. exd5 Qd3 37. Qxd3 cxd3 38. d6 Kf8 39. Kf1 b4 0-1

[Event "Muensterland op"]
[Site "Senden"]
[Date "2010.10.18"]
[Round "4.2"]
[White "Kotainy, Jens"]
[Black "Darwisch, Khaled"]
[Result "1-0"]
[WhiteElo "2343"]
[BlackElo "2049"]
[PlyCount "113"]
[EventDate "2010.??.??"]

1. e4 c5 2. Nc3 Nc6 3. f4 d6 4. Nf3 g6 5. Bc4 h6 6. O-O Bg4 7. d3 e6 8. Be3 Nf6
9. e5 d5 10. exf6 d4 11. Bd2 dxc3 12. Bxc3 Qc7 13. h3 Bxf3 14. Qxf3 O-O-O 15.
a4 Bd6 16. a5 a6 17. Qf2 g5 18. f5 e5 19. Rae1 Rhg8 20. Qf3 h5 21. Qxh5 Rdf8
22. Bd2 Rh8 23. Qg4 Rh4 24. Qxg5 Rfh8 25. Bc3 Bf8 26. Re4 R4h5 27. Qg3 Bd6 28.
Rf2 Nd4 29. Bd5 Kb8 30. Qg4 R5h7 31. Re3 Rh4 32. Qd1 Qd8 33. Bxf7 Qxf6 34. Bd5
Qg5 35. Bd2 Qf6 36. c3 Nb5 37. Rg3 Ka7 38. Bg5 Qf8 39. Bxh4 Rxh4 40. Rg4 Rh8
41. Qb3 Qh6 42. c4 Qc1+ 43. Rf1 Qe3+ 44. Kh1 Rxh3+ 45. gxh3 Qxh3+ 46. Kg1 e4
47. Qc2 Nd4 48. Rg7 Qe3+ 49. Qf2 Ne2+ 50. Kg2 Nf4+ 51. Kh1 Qh3+ 52. Kg1 Nxd5
53. cxd5 Qxd3 54. f6 e3 55. Qf3 Qd4 56. Qe2 Qe5 57. Rg2 1-0

[Event "Muensterland op"]
[Site "Senden"]
[Date "2010.10.18"]
[Round "4.3"]
[White "Swinkels, Maurice"]
[Black "Danin, Alexandre"]
[Result "1/2-1/2"]
[WhiteElo "2060"]
[BlackElo "2527"]
[PlyCount "119"]
[EventDate "2010.??.??"]

1. e4 e6 2. d4 d5 3. Nc3 Nf6 4. e5 Nfd7 5. f4 c5 6. Nf3 Nc6 7. Be3 cxd4 8. Nxd4
Bc5 9. Qd2 O-O 10. O-O-O a6 11. Kb1 Nxd4 12. Bxd4 b5 13. Qe3 Qc7 14. Bd3 Bxd4
15. Qxd4 Rb8 16. Rhe1 Nc5 17. Qf2 b4 18. Ne2 Bd7 19. Qh4 Nxd3 20. Rxd3 Qd8 21.
Qh5 f6 22. Rh3 h6 23. Nd4 fxe5 24. Qxe5 Qf6 25. Rf3 Rb6 26. g3 Qxe5 27. Rxe5
Rf6 28. Kc1 Be8 29. Rfe3 Bf7 30. h4 Kf8 31. Rb3 Bg6 32. a3 a5 33. c3 Ke7 34.
axb4 axb4 35. Rxb4 Rxb4 36. cxb4 Kd6 37. Re3 Be4 38. Ra3 g5 39. Ra6+ Kd7 40.
Nb3 gxf4 41. Nc5+ Kc8 42. gxf4 Rxf4 43. Rc6+ Kb8 44. Rxe6 Rxh4 45. b5 Rh1+ 46.
Kd2 Rh2+ 47. Ke3 Rxb2 48. b6 Bf5 49. Rxh6 d4+ 50. Kxd4 Bc8 51. Rh8 Rb1 52. Ke5
Re1+ 53. Kd6 Rd1+ 54. Kc6 Rc1 55. b7 Rxc5+ 56. Kxc5 Kxb7 57. Rh7+ Ka6 58. Rh6+
Kb7 59. Rb6+ Kc7 60. Rc6+ 1/2-1/2

[Event "Muensterland op"]
[Site "Senden"]
[Date "2010.10.18"]
[Round "4.4"]
[White "Malaniuk, Vladimir P"]
[Black "Lehmann, Holger"]
[Result "1-0"]
[WhiteElo "2527"]
[BlackElo "2173"]
[PlyCount "74"]
[EventDate "2010.??.??"]

1. d4 d6 2. Nf3 g6 3. e4 Bg7 4. c3 Nf6 5. Bd3 O-O 6. O-O c6 7. Re1 a5 8. a4 Qc7
9. h3 e5 10. Na3 Na6 11. Nc4 exd4 12. Bf4 dxc3 13. Bxd6 Qd8 14. Bxf8 cxb2 15.
Nxb2 Qxf8 16. Bxa6 Rxa6 17. Rb1 Nxe4 18. Rxe4 Bf5 19. Qe2 Bxe4 20. Qxe4 Rb6 21.
Nc4 Rxb1+ 22. Qxb1 Qb4 23. Qxb4 axb4 24. Nfd2 b5 25. axb5 cxb5 26. Na5 f5 27.
Kf1 Kf7 28. Ke2 Ke6 29. Kd3 Kd5 30. Nab3 g5 31. g4 fxg4 32. hxg4 h6 33. f3 Bf8
34. Nd4 Ke5 35. Nxb5 Kf4 36. Nd4 Kg3 37. Ke3 Bc5 1-0

[Event "Muensterland op"]
[Site "Senden"]
[Date "2010.10.18"]
[Round "4.5"]
[White "Ivanov, Michail"]
[Black "Pienski, Olaf"]
[Result "1-0"]
[WhiteElo "2438"]
[BlackElo "2098"]
[PlyCount "82"]
[EventDate "2010.??.??"]

1. d4 e6 2. c4 Nf6 3. g3 Bb4+ 4. Bd2 Qe7 5. Bg2 Nc6 6. Nf3 O-O 7. O-O Bxd2 8.
Qxd2 d6 9. Nc3 e5 10. h3 e4 11. Ng5 Bf5 12. d5 Na5 13. Qf4 Bg6 14. Ngxe4 Nxe4
15. Nxe4 Nxc4 16. Nc3 Nb6 17. Rac1 a6 18. Qb4 Rfe8 19. e4 f5 20. Rfe1 Qf7 21.
exf5 Bxf5 22. a4 Rab8 23. a5 Nd7 24. Rxe8+ Qxe8 25. Na4 Qd8 26. Qc3 c5 27. dxc6
bxc6 28. Qxc6 Qxa5 29. g4 Be6 30. Qxd6 Re8 31. Nc3 Nf6 32. Bc6 Qd8 33. Rd1 Qxd6
34. Rxd6 Kf7 35. Rd1 Re7 36. Bf3 Bc4 37. Rc1 Bd3 38. Kg2 h6 39. h4 Re5 40. Kg3
Ra5 41. Kf4 g5+ 1-0

[Event "Muensterland op"]
[Site "Senden"]
[Date "2010.10.18"]
[Round "4.6"]
[White "Korth, Daniel"]
[Black "Karpatchev, Aleksandr"]
[Result "0-1"]
[WhiteElo "2201"]
[BlackElo "2472"]
[PlyCount "64"]
[EventDate "2010.??.??"]

1. d4 d5 2. c4 dxc4 3. Nf3 Nf6 4. e3 a6 5. Bxc4 b5 6. Be2 Bb7 7. a4 b4 8. O-O
Nbd7 9. Nbd2 e6 10. Nb3 a5 11. Bb5 c6 12. Bd3 c5 13. dxc5 Bxc5 14. Nxc5 Nxc5
15. Bb5+ Ke7 16. Nd4 Qb6 17. Qe2 Rhd8 18. Rd1 Kf8 19. Bd2 e5 20. Nc2 Nb3 21.
Rab1 Nxd2 22. Rxd2 Rxd2 23. Qxd2 Rd8 24. Qe2 Qd6 25. Na1 g6 26. f3 Nd5 27. Rd1
Nc3 28. Rxd6 Nxe2+ 29. Bxe2 Rxd6 30. Nb3 Ba6 31. Kf2 f6 32. e4 Ke7 0-1

[Event "Muensterland op"]
[Site "Senden"]
[Date "2010.10.18"]
[Round "4.7"]
[White "Meertens, Martin"]
[Black "Schulze, Ulrich"]
[Result "0-1"]
[WhiteElo "2154"]
[BlackElo "2332"]
[PlyCount "78"]
[EventDate "2010.??.??"]

1. e4 c6 2. d4 d5 3. Nc3 dxe4 4. Nxe4 Bf5 5. Ng3 Bg6 6. h4 h6 7. h5 Bh7 8. Nf3
Nf6 9. Bd3 Bxd3 10. Qxd3 e6 11. Bf4 Qa5+ 12. Bd2 Bb4 13. c3 Be7 14. c4 Bb4 15.
Ne4 Nxe4 16. Qxe4 Nd7 17. a3 Bxd2+ 18. Nxd2 O-O 19. O-O-O Nf6 20. Qe3 Rad8 21.
c5 Qa4 22. Rh4 Rd5 23. Ne4 Nxe4 24. Qxe4 Rfd8 25. Qc2 Qxc2+ 26. Kxc2 e5 27. b4
f6 28. Kc3 Kf7 29. Rd3 R8d7 30. Re4 b6 31. Kc4 bxc5 32. bxc5 Ke6 33. Kc3 f5 34.
Rxe5+ Rxe5 35. dxe5 Rxd3+ 36. Kxd3 Kxe5 37. Kc4 Ke4 38. f3+ Ke3 39. Kc3 f4 0-1

[Event "Muensterland op"]
[Site "Senden"]
[Date "2010.10.18"]
[Round "4.8"]
[White "Grälken, Matthias"]
[Black "Sazanov, Nikolay"]
[Result "1/2-1/2"]
[WhiteElo "2136"]
[BlackElo "2220"]
[PlyCount "73"]
[EventDate "2010.??.??"]

1. d4 d5 2. Bf4 e6 3. e3 Bd6 4. Bxd6 Qxd6 5. Qg4 g6 6. Nd2 Nd7 7. O-O-O Ngf6 8.
Qg3 Qb6 9. h4 c5 10. Ngf3 a5 11. h5 Rf8 12. hxg6 hxg6 13. Qf4 c4 14. c3 Qc6 15.
Ng5 b5 16. Kb1 b4 17. Be2 Rb8 18. Ka1 Ba6 19. Nh7 Nxh7 20. Rxh7 a4 21. Rb1 a3
22. e4 b3 23. bxa3 Qa4 24. exd5 Qxa3 25. Rb2 Rb6 26. Nxc4 Bxc4 27. Bxc4 bxa2
28. Rxb6 Nxb6 29. Qb8+ Ke7 30. Qxb6 Qxc3+ 31. Kxa2 Qxc4+ 32. Kb2 Qe2+ 33. Kb3
Qd3+ 34. Kb2 Qd2+ 35. Kb3 Qd1+ 36. Kb2 Qe2+ 37. Kb3 1/2-1/2

[Event "Muensterland op"]
[Site "Senden"]
[Date "2010.10.18"]
[Round "4.9"]
[White "Chilla, Jan Eric"]
[Black "Torres-Kuckel, Rafael"]
[Result "1-0"]
[WhiteElo "2147"]
[BlackElo "2274"]
[PlyCount "43"]
[EventDate "2010.??.??"]

1. e4 c5 2. Nf3 e6 3. d4 cxd4 4. Nxd4 a6 5. Bd3 Qc7 6. O-O Nf6 7. Qe2 d6 8. c4
g6 9. b3 Bg7 10. Bb2 Nbd7 11. Nc3 Nc5 12. Rad1 Nxd3 13. Rxd3 O-O 14. Nc2 Re8
15. Ne3 Bd7 16. Rfd1 Bf8 17. e5 dxe5 18. Ng4 Nxg4 19. Rxd7 Qc6 20. Qxg4 f5 21.
Qh4 Bg7 22. Na4 1-0

[Event "Muensterland op"]
[Site "Senden"]
[Date "2010.10.18"]
[Round "4.10"]
[White "Hokamp, Sascha"]
[Black "Seegers, Hendrik"]
[Result "0-1"]
[WhiteElo "2076"]
[BlackElo "2201"]
[PlyCount "134"]
[EventDate "2010.??.??"]

1. d4 d5 2. Nf3 e6 3. Bf4 Bd6 4. Bg3 Nf6 5. Nbd2 O-O 6. c3 c5 7. Bh4 Nbd7 8. e4
cxd4 9. Nxd4 Qb6 10. f3 Qxb2 11. Nb5 Bf4 12. Nb3 Be5 13. Rc1 Qxa2 14. f4 Qa4
15. Bd3 Nxe4 16. O-O Qa6 17. fxe5 Qb6+ 18. N5d4 Nxe5 19. Bxe4 dxe4 20. Be7 Re8
21. Bc5 Qd8 22. Qh5 f5 23. Rcd1 Nd3 24. Rxd3 exd3 25. Rf3 g6 26. Qh6 e5 27. Rh3
Qc7 28. Nb5 Qg7 29. Qxg7+ Kxg7 30. Nc7 Be6 31. Rxd3 Bxb3 32. Rd7+ Bf7 33. Bxa7
Kf6 34. Nxa8 Rxa8 35. Rxb7 Rd8 36. Rb6+ Be6 37. Rb7 h5 38. Bb6 f4 39. Rc7 Rb8
40. Rc6 Kf5 41. Kf2 Ra8 42. Rc5 Ra2+ 43. Kf1 Ra4 44. Kf2 Re4 45. Rb5 g5 46. Rb2
Bc4 47. Bc5 Ba6 48. Ra2 Rc4 49. Be7 Bb7 50. Ra7 Bc6 51. Bb4 e4 52. Ra5+ Kf6 53.
g3 e3+ 54. Ke2 Bd7 55. Bc5 Re4 56. Bd4+ Kg6 57. Ra6+ Kf5 58. Rh6 Kg4 59. gxf4
gxf4 60. h3+ Kxh3 61. Kf3 Re5 62. Bxe5 Bg4+ 63. Kxf4 e2 64. Rd6 e1=Q 65. Rd3+
Kg2 66. Re3 Qf2+ 67. Ke4 Bf5+ 0-1

[Event "Muensterland op"]
[Site "Senden"]
[Date "2010.10.19"]
[Round "5.1"]
[White "Hausrath, Daniel"]
[Black "Kotainy, Jens"]
[Result "1/2-1/2"]
[WhiteElo "2537"]
[BlackElo "2343"]
[PlyCount "42"]
[EventDate "2010.??.??"]

1. c4 c5 2. Nf3 Nf6 3. g3 d5 4. d4 e6 5. Bg2 Nc6 6. O-O Be7 7. cxd5 exd5 8. Be3
Ng4 9. Bf4 O-O 10. Nc3 Be6 11. dxc5 Bxc5 12. Na4 Bd6 13. Qd2 Nf6 14. Nd4 Rc8
15. Rac1 Bxf4 16. Qxf4 Qa5 17. Nb3 Qb5 18. Nc3 Qb6 19. Na4 Qb5 20. Nc3 Qb6 21.
Na4 Qb5 1/2-1/2

[Event "Muensterland op"]
[Site "Senden"]
[Date "2010.10.19"]
[Round "5.2"]
[White "Schulze, Ulrich"]
[Black "Malaniuk, Vladimir P"]
[Result "1/2-1/2"]
[WhiteElo "2332"]
[BlackElo "2527"]
[PlyCount "95"]
[EventDate "2010.??.??"]

1. d4 Nf6 2. Nf3 d6 3. c4 g6 4. g3 Bg7 5. Bg2 O-O 6. O-O Nc6 7. Nc3 Bf5 8. d5
Na5 9. Nd4 Bd7 10. b3 c5 11. dxc6 Nxc6 12. Bb2 Qa5 13. e3 Rac8 14. Qd2 a6 15.
Rfd1 Rfe8 16. Nxc6 Bxc6 17. Nd5 Qxd2 18. Nxf6+ Bxf6 19. Rxd2 Bxg2 20. Kxg2 Bxb2
21. Rxb2 Rc5 22. Rd1 Rec8 23. h4 h5 24. Rd4 Kf8 25. Kf3 Ke8 26. Ke2 Kd7 27.
Rbd2 R8c6 28. Rd5 e6 29. Rxc5 Rxc5 30. Kd3 a5 31. a3 Rc8 32. Kd4 b6 33. Rd1 Ke7
34. Rd2 Kd7 35. Rd1 e5+ 36. Kd3 f5 37. Kc3 Kc6 38. Rd5 Rf8 39. Rd1 Rf7 40. Rd5
Rf6 41. Rd1 Rf8 42. Rd5 Re8 43. Rd1 Re7 44. Rd5 Rb7 45. Rb5 Rb8 46. Rd5 Rb7 47.
Rb5 Rg7 48. Rd5 1/2-1/2

[Event "Muensterland op"]
[Site "Senden"]
[Date "2010.10.19"]
[Round "5.3"]
[White "Karpatchev, Aleksandr"]
[Black "Swinkels, Maurice"]
[Result "1-0"]
[WhiteElo "2472"]
[BlackElo "2060"]
[PlyCount "111"]
[EventDate "2010.??.??"]

1. e4 c5 2. c3 Nf6 3. e5 Nd5 4. Nf3 Nc6 5. Bc4 e6 6. O-O d6 7. d4 cxd4 8. cxd4
Be7 9. Qe2 O-O 10. Rd1 Qc7 11. Bd2 a6 12. Nc3 Nxc3 13. Bxc3 b5 14. Bd3 Bb7 15.
Rac1 Qb6 16. exd6 Bxd6 17. Ng5 g6 18. d5 Nd4 19. Qg4 e5 20. Qh3 h5 21. Bxd4
exd4 22. Bxg6 Bxh2+ 23. Qxh2 Qxg6 24. Nh3 Rac8 25. Ra1 Bxd5 26. Nf4 Qg5 27.
Rxd4 Bf3 28. Rd3 Bg4 29. Rd5 Qh6 30. Qg3 f5 31. Re1 h4 32. Qe3 Rfe8 33. Re5
Rxe5 34. Qxe5 Rd8 35. f3 Bh5 36. Qxf5 Bf7 37. Kh2 Qg7 38. Kh1 Qg3 39. Rc1 Re8
40. Rg1 Re1 41. Qc8+ Kh7 42. Nh3 Re2 43. Qd7 Kg8 44. Qd8+ Kg7 45. Ng5 Qf4 46.
Qd3 Bc4 47. Qxe2 Qxg5 48. Qe4 Qf6 49. b3 Bf7 50. Re1 Kg8 51. Qe5 Qh6 52. Re4 h3
53. Rg4+ Kf8 54. Qb8+ Ke7 55. Re4+ Be6 56. Qc7+ 1-0

[Event "Muensterland op"]
[Site "Senden"]
[Date "2010.10.19"]
[Round "5.4"]
[White "Sazanov, Nikolay"]
[Black "Ivanov, Michail"]
[Result "1/2-1/2"]
[WhiteElo "2220"]
[BlackElo "2438"]
[PlyCount "46"]
[EventDate "2010.??.??"]

1. d4 g6 2. e3 Bg7 3. f4 d6 4. Nf3 Nd7 5. Bc4 e6 6. c3 Ne7 7. O-O b6 8. Ng5 h6
9. Qf3 d5 10. Nh3 Bb7 11. Bd3 c5 12. Nd2 f5 13. a4 Qc7 14. Bb5 a6 15. Bxd7+
Kxd7 16. a5 c4 17. axb6 Qxb6 18. b3 Qc7 19. Ba3 Bf6 20. Qe2 a5 21. bxc4 Ba6 22.
Bc5 Rhb8 23. Nf2 Rb2 1/2-1/2

[Event "Muensterland op"]
[Site "Senden"]
[Date "2010.10.19"]
[Round "5.5"]
[White "Danin, Alexandre"]
[Black "Harff, Marcel"]
[Result "1/2-1/2"]
[WhiteElo "2527"]
[BlackElo "2162"]
[PlyCount "80"]
[EventDate "2010.??.??"]

1. e4 c5 2. Nf3 Nc6 3. d4 cxd4 4. Nxd4 d5 5. exd5 Qxd5 6. Be3 e6 7. Nc3 Bb4 8.
Ndb5 Qe5 9. a3 Be7 10. Be2 a6 11. Nd4 Bd7 12. Bf3 Bc5 13. Nxc6 Bxc6 14. Bxc6+
bxc6 15. Qf3 Ne7 16. Qe4 Qxe4 17. Nxe4 Bxe3 18. fxe3 Nd5 19. Ke2 Ke7 20. Rhd1
Rab8 21. Rab1 Rhd8 22. c4 Nb6 23. Rxd8 Rxd8 24. b3 a5 25. Rd1 Nd7 26. b4 axb4
27. axb4 Rb8 28. Rb1 Ne5 29. Nd2 f5 30. h3 g5 31. Rb3 h5 32. b5 Kd6 33. bxc6
Rxb3 34. Nxb3 Nxc6 35. Kd3 g4 36. Nd4 Ne7 37. Ne2 e5 38. hxg4 hxg4 39. g3 Ng6
40. Kc3 Nf8 1/2-1/2

[Event "Muensterland op"]
[Site "Senden"]
[Date "2010.10.19"]
[Round "5.6"]
[White "Seegers, Hendrik"]
[Black "Chilla, Jan Eric"]
[Result "1/2-1/2"]
[WhiteElo "2201"]
[BlackElo "2147"]
[PlyCount "98"]
[EventDate "2010.??.??"]

1. d4 Nf6 2. Nf3 d5 3. Bf4 c5 4. c3 Nc6 5. e3 Qb6 6. Qb3 c4 7. Qxb6 axb6 8. Be2
Bf5 9. O-O h6 10. h3 b5 11. Ne5 Nxe5 12. Bxe5 Nd7 13. Bg3 e6 14. f3 b4 15. e4
Bh7 16. cxb4 Bxb4 17. exd5 exd5 18. Be1 Bxe1 19. Rxe1 O-O 20. Nc3 Nf6 21. Bd1
b5 22. Re5 b4 23. Nxd5 Nxd5 24. Rxd5 b3 25. Rc5 bxa2 26. Rxc4 Bb1 27. Kf2 Rfc8
28. b3 Rxc4 29. bxc4 Ra3 30. Be2 Rc3 31. Ke1 Kf8 32. Kd2 Rc2+ 33. Ke3 Ke7 34.
f4 Rc3+ 35. Kd2 Rc2+ 36. Kd1 Kd6 37. Bd3 Rb2 38. Kc1 Rb4 39. c5+ Kc6 40. Bxb1
axb1=Q+ 41. Rxb1 Rxd4 42. g3 Rd3 43. Rb6+ Kxc5 44. Rb7 Rxg3 45. Rxf7 Kd4 46.
Re7 Kd3 47. h4 h5 48. Re5 Rg1+ 49. Kb2 Rg4 1/2-1/2

[Event "Muensterland op"]
[Site "Senden"]
[Date "2010.10.19"]
[Round "5.7"]
[White "Terhorst, Jochen"]
[Black "Grälken, Matthias"]
[Result "1-0"]
[WhiteElo "2185"]
[BlackElo "2136"]
[PlyCount "85"]
[EventDate "2010.??.??"]

1. e4 Nc6 2. Nc3 e6 3. d4 d5 4. Nf3 Nf6 5. Bd3 dxe4 6. Nxe4 Nb4 7. Nxf6+ gxf6
8. Be2 c5 9. a3 Nc6 10. Be3 cxd4 11. Nxd4 Bd7 12. Nb5 a6 13. Nd6+ Bxd6 14. Qxd6
Qb8 15. Qd2 Qc7 16. h4 O-O-O 17. O-O-O Ne5 18. Qb4 Nc6 19. Qc5 Ne5 20. Qb4 Nc6
21. Qe4 Ne5 22. f3 f5 23. Qb4 Nc6 24. Qc5 Rhg8 25. g4 f4 26. Bf2 Qe5 27. Rhe1
Qxc5 28. Bxc5 Rde8 29. Bd3 h6 30. Be4 Rg7 31. Rd3 e5 32. Bd5 f6 33. Be4 Be6 34.
Bb6 Rd7 35. Red1 Ree7 36. Rd6 Kb8 37. R1d2 Rxd6 38. Rxd6 Re8 39. c3 Kc8 40. h5
Kb8 41. Kc2 Kc8 42. b4 Nb8 43. Bg6 1-0

[Event "Muensterland op"]
[Site "Senden"]
[Date "2010.10.19"]
[Round "5.8"]
[White "Darwisch, Khaled"]
[Black "Wewers, Reinhard"]
[Result "0-1"]
[WhiteElo "2049"]
[BlackElo "2179"]
[PlyCount "56"]
[EventDate "2010.??.??"]

1. e4 e6 2. d4 d5 3. Nd2 Nf6 4. e5 Nfd7 5. Bd3 c5 6. c3 Nc6 7. Ne2 cxd4 8. cxd4
f6 9. f4 fxe5 10. fxe5 Nxd4 11. O-O Bc5 12. Nf4 Qg5 13. Kh1 O-O 14. Nf3 Nxf3
15. Bxh7+ Kxh7 16. Nxe6 Qxe5 17. Nxf8+ Bxf8 18. Rxf3 Nf6 19. Bf4 Qe4 20. Qd2
Bg4 21. Re3 Bb4 22. Qf2 Qg6 23. Re5 Kg8 24. Rg5 Qh7 25. Be5 Ne4 26. Rxg7+ Qxg7
27. Qd4 Qf7 28. h3 Bc5 0-1

[Event "Muensterland op"]
[Site "Senden"]
[Date "2010.10.19"]
[Round "5.9"]
[White "Korth, Daniel"]
[Black "Kuznetsov, Mark"]
[Result "1-0"]
[WhiteElo "2201"]
[BlackElo "2123"]
[PlyCount "89"]
[EventDate "2010.??.??"]

1. d4 d5 2. c4 c6 3. cxd5 cxd5 4. Nc3 Nc6 5. Nf3 Nf6 6. Bf4 Bg4 7. Ne5 Bf5 8.
e3 Qb6 9. Bb5 a6 10. Bxc6+ bxc6 11. O-O Nd7 12. Na4 Qb5 13. Nxd7 Bxd7 14. Rc1
e6 15. Nc5 f6 16. b3 Bc8 17. e4 Kf7 18. Re1 Be7 19. Qf3 Ra7 20. Qg3 Rd8 21. Bb8
Bxc5 22. Bxa7 Bxa7 23. Qc7+ Rd7 24. Qxc8 Re7 25. exd5 Qxd5 26. Qxc6 Qxd4 27.
Re2 Qf4 28. Rce1 e5 29. Qxa6 Bd4 30. Qc4+ Kg6 31. Qc6 Qf5 32. Qe4 Ra7 33. Qxf5+
Kxf5 34. Rc2 g5 35. Kf1 h5 36. Rb1 Ke4 37. Ke2 f5 38. b4 f4 39. b5 g4 40. f3+
Kd5 41. b6 Rb7 42. Rb5+ Kd6 43. Kd3 h4 44. h3 gxh3 45. gxh3 1-0

[Event "Muensterland op"]
[Site "Senden"]
[Date "2010.10.19"]
[Round "5.10"]
[White "Freitag, Julia"]
[Black "Rebber, Christian"]
[Result "1-0"]
[WhiteElo "2185"]
[BlackElo "2070"]
[PlyCount "59"]
[EventDate "2010.??.??"]

1. d4 c5 2. e3 cxd4 3. exd4 d5 4. f4 Nf6 5. Bd3 Nc6 6. c3 g6 7. Nf3 Bg7 8. Nbd2
O-O 9. Ne5 Ne8 10. O-O f6 11. Nxc6 bxc6 12. f5 Bxf5 13. Bxf5 gxf5 14. Nb3 e5
15. Rxf5 Nd6 16. Rh5 Qe7 17. Qd3 e4 18. Qh3 Nf7 19. Qf5 h6 20. Nc5 Rfe8 21. Bf4
Rad8 22. Re1 Kf8 23. Re3 Nd6 24. Qh7 Nf7 25. Bxh6 Nxh6 26. Rg3 Qf7 27. Rxh6 e3
28. Kh1 Rb8 29. Nd7+ Qxd7 30. Rxf6+ 1-0

[Event "Muensterland op"]
[Site "Senden"]
[Date "2010.10.20"]
[Round "6.1"]
[White "Kotainy, Jens"]
[Black "Karpatchev, Aleksandr"]
[Result "1/2-1/2"]
[WhiteElo "2343"]
[BlackElo "2472"]
[PlyCount "236"]
[EventDate "2010.??.??"]

1. e4 e5 2. Bc4 Nf6 3. d4 exd4 4. Nf3 Bb4+ 5. Bd2 Bxd2+ 6. Qxd2 O-O 7. e5 d5 8.
Bb3 Ne4 9. Qxd4 Be6 10. O-O c5 11. Qe3 f5 12. exf6 Qxf6 13. c4 Bf5 14. cxd5
Qxb2 15. d6+ Kh8 16. Nbd2 Nxd6 17. Qxc5 Qf6 18. Nc4 Nxc4 19. Qxc4 Nc6 20. Rfe1
h6 21. Rad1 Na5 22. Qb4 Nxb3 23. axb3 b6 24. Rd6 Qb2 25. Ne5 Be4 26. f3 Qxe5
27. Rxe4 Qb2 28. Qd4 Qc1+ 29. Kf2 Rac8 30. Rd7 Rg8 31. Rg4 Qc3 32. Rxa7 Qxd4+
33. Rxd4 Rgd8 34. Rg4 Rg8 35. Rb7 Rc6 36. Kg3 Kh7 37. Rb4 Rd8 38. R7xb6 Rc2 39.
Rg4 Rdd2 40. Kh3 Rd7 41. Kh4 Rb2 42. b4 Re7 43. b5 Rd7 44. Rb8 Rf7 45. b6 Rd7
46. Kh3 Rf7 47. Rc4 Rf6 48. b7 Rf7 49. Kh4 Rfxb7 50. Rxb7 Rxb7 51. Rc6 Rb2 52.
Kh3 Rf2 53. Kg3 Rb2 54. Kh3 Rf2 55. Re6 Kg8 56. Re7 Kh7 57. Kg3 Rb2 58. h3 Kg6
59. Re5 Kf6 60. Rc5 Ra2 61. h4 Rb2 62. Kh3 Rf2 63. Kg3 Ra2 64. Rc1 Rb2 65. Rf1
Kf5 66. Rf2 Rb1 67. Ra2 Kf6 68. Ra6+ Kf7 69. Kg4 Rb2 70. Kh3 Rf2 71. Rb6 Rf1
72. Rb3 Rf2 73. g4 Ra2 74. Kg3 Ra4 75. Rc3 Rb4 76. Ra3 Rc4 77. Ra7+ Kf6 78.
Ra6+ Kf7 79. Ra3 Kf6 80. f4 Rb4 81. Rc3 Ra4 82. Rb3 Rc4 83. Kf3 Ra4 84. Rd3 Rc4
85. Rb3 Ra4 86. Rb6+ Kf7 87. Rb3 Kf6 88. Rc3 Rb4 89. h5 Ra4 90. Rb3 Rc4 91.
Rb6+ Kf7 92. Rd6 Ra4 93. Rd5 Ke6 94. Re5+ Kf6 95. Rf5+ Ke6 96. Re5+ Kf6 97. Re3
Rc4 98. Rd3 Ra4 99. Ke3 Ra6 100. Rd4 Re6+ 101. Re4 Ra6 102. Rc4 Re6+ 103. Kf3
Ra6 104. Rd4 Rb6 105. Rd5 Rb4 106. Rd6+ Ke7 107. Rd5 Ke6 108. Re5+ Kf6 109. g5+
hxg5 110. Rxg5 Rb1 111. Rg3 Ra1 112. Rg2 Ra3+ 113. Kg4 Ra1 114. Rg3 Rb1 115.
Rc3 Rg1+ 116. Kf3 Ra1 117. Rc6+ Kf7 118. Rc5 Kf6 1/2-1/2

Kf7 118. Rc5 Kf6*

[Event "Muensterland op"]
[Site "Senden"]
[Date "2010.10.20"]
[Round "6.2"]
[White "Malaniuk, Vladimir P"]
[Black "Hausrath, Daniel"]
[Result "1-0"]
[WhiteElo "2527"]
[BlackElo "2537"]
[PlyCount "79"]
[EventDate "2010.??.??"]

1. d4 Nf6 2. Nf3 g6 3. c4 Bg7 4. g3 O-O 5. Bg2 d6 6. O-O c6 7. Nc3 Qa5 8. e4 e5
9. h3 Nbd7 10. Re1 Re8 11. Be3 exd4 12. Nxd4 Ne5 13. Bf1 Be6 14. Nxe6 Rxe6 15.
Kg2 Rae8 16. a3 a6 17. b4 Qc7 18. Rc1 Ned7 19. f3 Qb8 20. Bf2 h5 21. Qb3 Ne5
22. h4 Bh6 23. Rcd1 Nfd7 24. c5 dxc5 25. bxc5 Qc7 26. Be2 Bf8 27. Na4 Nf6 28.
Rb1 R6e7 29. Nb6 Nfd7 30. Na4 Nf6 31. Red1 Neg4 32. Bg1 Nh6 33. Bd3 Rd8 34. Bc4
Rxd1 35. Rxd1 Nd7 36. Be3 Ne5 37. Nb6 Nxc4 38. Qxc4 Nf5 39. exf5 Rxe3 40. Rd7
1-0

[Event "Muensterland op"]
[Site "Senden"]
[Date "2010.10.20"]
[Round "6.3"]
[White "Ivanov, Michail"]
[Black "Terhorst, Jochen"]
[Result "1-0"]
[WhiteElo "2438"]
[BlackElo "2185"]
[PlyCount "53"]
[EventDate "2010.??.??"]

1. d4 d5 2. c4 dxc4 3. e4 c5 4. Nf3 cxd4 5. Bxc4 Nc6 6. O-O e6 7. Nbd2 a6 8. e5
Nge7 9. Nb3 Nf5 10. Bd3 g6 11. Bg5 Be7 12. Bxe7 Nfxe7 13. Qd2 h6 14. Rad1 b6
15. Be4 Nd5 16. Bxd5 Qxd5 17. Qf4 Bb7 18. Nbxd4 Nxd4 19. Rxd4 Qxa2 20. Qf6 Rg8
21. Rfd1 Bd5 22. Rxd5 exd5 23. Qc6+ Ke7 24. Qb7+ Ke6 25. Nd4+ Kxe5 26. Qe7+ Kf4
27. g3+ 1-0